| 000 | 01070cam a22003257a 4500 | ||
|---|---|---|---|
| 003 | CHAP | ||
| 005 | 20220329140302.0 | ||
| 008 | 971013s1972 r 00010 d | ||
| 010 | _a49760 | ||
| 011 | _a50732 | ||
| 035 | _a54882 | ||
| 040 | _cCHAP | ||
| 090 | _aFolleto 3768 | ||
| 100 | 0 | 0 |
_aRock, Barrett Nelson. _998218 |
| 245 | 1 | 4 |
_aThe woods and flora of the Florida keys _b: Pinnatae |
| 260 |
_aWashington : _bSmithsonian Institution, _c1972 |
||
| 300 |
_a35 p. _b: ilus. |
||
| 490 | 0 |
_aSmithsonian contributions to botany _v; 5 |
|
| 590 |
_aBATCH-UPD _b10 _c20130110 _lUCH01 _h0416 |
||
| 590 |
_aBATCH-UPD _b10 _c20130410 _lUCH01 _h0051 |
||
| 590 |
_aBATCH-UPD _b10 _c20130914 _lUCH01 _h1920 |
||
| 590 |
_aCONVERSION _b10 _c20130109 _lUCH01 _h1327 |
||
| 650 | 1 | 4 |
_aPlantas leñosas. _989018 |
| 650 | 1 | 4 |
_aPlantas leñosas _xE.U.A. _989021 |
| 830 | 0 |
_aSmithsonian contributions to botany _v; 5 _9107168 |
|
| 901 | _aBK | ||
| 942 | _cFOLL | ||
| 949 |
_aFolleto 3768 _bBC _cFOLL _d-120805 _eTS1 _i54882 _si |
||
| 949 |
_aFolleto 3768 _bBC _cFOLL _d-120806 _eTS2 _fc.2 _i54882 _si |
||
| 999 |
_c49760 _d49760 |
||